Northwest atlantic groundfish: perspectives on a fishery collapse
Guardat en:
| Autors principals: | , , , |
|---|---|
| Format: | Llibre |
| Idioma: | anglès |
| Publicat: |
Bethesda
American Fisheries Society
1997
|
| Matèries: | |
| Etiquetes: |
Afegir etiqueta
Sense etiquetes, Sigues el primer a etiquetar aquest registre!
|
MARC
| LEADER | 00000nam a2200000 a 4500 | ||
|---|---|---|---|
| 001 | UCP0080 | ||
| 003 | CL-VaPUC | ||
| 008 | 990128e19970000US |||||||||||||||||eng|d | ||
| 082 | 0 | 4 | |a 639.2 |b BOR |2 21 |
| 100 | 0 | |a Boreman, John |e author |9 425041 | |
| 700 | 0 | |a Nakashima, Brian S |e author |9 425042 | |
| 700 | 0 | |a Wilson, James A |e author |9 425043 | |
| 700 | 0 | |a Kendall, Robert L |e author |9 425044 | |
| 245 | 1 | 0 | |a Northwest atlantic groundfish: perspectives on a fishery collapse |
| 300 | |a 242 p | ||
| 942 | |c BK | ||
| 945 | |d 19990128 00:00:00 |a aarredon | ||
| 260 | |a Bethesda |b American Fisheries Society |c 1997 | ||
| 650 | 0 | |a Industria pesquera |9 255432 | |
| 650 | 7 | |a PRODUCTOS PESQUEROS |2 CL-VaPUC |9 259452 | |
| 650 | 0 | |a Aspectos económicos |9 255165 | |
| 650 | 0 | |a Recursos pesqueros |9 255431 | |
| 650 | 0 | |a Clima |9 265281 | |
| 583 | |a last modification |c 20130317 12:18:15 |k Rodrigo Vera | ||
| 999 | |c 278966 |d 278964 | ||
| 952 | |0 0 |1 0 |4 0 |6 639_200000000000000_BOR_1997 |7 0 |8 CCM |9 317793 |a BIBCUR |b BIBCUR |d 2019-11-20 |i 349599K |o 639.2 BOR 1997 |p 349599K |r 2025-04-22 |w 2019-11-20 |y BK |k CIM | ||
| 952 | |0 0 |1 0 |4 0 |6 639_200000000000000_BOR_1997 |7 0 |8 CCM |9 317794 |a BIBCUR |b BIBCUR |d 2019-11-20 |i 3538168 |o 639.2 BOR 1997 |p 3538168 |r 2025-04-22 |w 2019-11-20 |y BK |k CIM | ||